000 00297nam a2200121Ia 4500
008 190216s9999||||xx |||||||||||||| ||und||
100 _aMarmaduke Pickethall
245 4 _aThe Meaning Of The Quran
260 _bGeorge Allen & Unwin Ltd
_c1957
300 _a693p
650 _aQur`An
942 _cBK
999 _c21935
_d21935